Aldrichimica Acta (Registro nro. 1049)

Detalles MARC
000 -LEADER
fixed length control field 00414nas a22001577a 4500
008 - CAMPO DE CONTROL RECURSOS CONTINUADOS
fixed length control field 120618t19589999-us||||| |||| 00| 0 eng d
022 ## - INTERNATIONAL STANDARD SERIAL NUMBER
International Standard Serial Number 00025100
245 ## - TITULO
Titulo Aldrichimica Acta
260 ## - PUBLICACION, DISTRIBUCION, ETC. (PIE DE IMPRENTA)
Lugar de publicación, distribución, etc Milwaukee :
Nombre de la editorial, distribuidor, etc. Aldrich Chemical Co,
Fecha de publicación 1958
300 ## - DESCRIPCION FISICA
Extensión v.
500 ## - NOTA GENERAL
Nota general Texto en inglés
500 ## - NOTA GENERAL
Nota general Existencias: 2002 35(3)
650 ## - MATERIA-TERMINO TEMATICO
Término temático BIOQUIMICA
9 (RLIN) 1725
856 ## - LOCALIZACION ELECTRONICA Y ACCESO
Identificador Uniforme de Recurso (URI) <a href="http://www.sigmaaldrich.com">http://www.sigmaaldrich.com</a>
942 ## - ADDED ENTRY ELEMENTS (KOHA)
Source of classification or shelving scheme Dewey Decimal Classification
Item type Continuing Resources

No hay ítems disponibles.


UNIVERSIDAD NACIONAL DEL COMAHUE
Biblioteca de la Facultad de Ciencias Médicas
Sede Toschi: Los Arrayanes y Av. Toschi, Cipolletti  - Rio Negro
Sede Los Tordos:  Yrigoyen al 2211, Cipolletti - Rio Negro 

Teléfono: 0299 - 4774707 int 25
Contacto: biblioteca@facimed.uncoma.edu.ar
© 2011 - 2026